000 00563nam a22001817a 4500
008 131111b xxu||||| |||| 00| 0 ger d
020 _a3854283202
041 0 _ager
080 _a336.33
100 1 _aReinisch, August
245 1 _aStaatensukzession und schuldübernahme :
_cAugust Reinisch, Gerhard Hafner
260 _aWien :
_bService Fachverlag
_c1995.
300 _a168 f. :
_c21 cm.
500 _aVorwort : f. [IX] - X
650 _aBorgjet
_zBashkimi Sovjetik
650 _aHuatë
_zBashkimi Sovjetik
942 _2udc
_cBK
999 _c269
_d269